Application of Muscle/Nerve Stimulation in Health and Disease (Record no. 9136)

MARC details
000 -LEADER
fixed length control field 00461nam a2200157Ia 4500
008 - FIXED-LENGTH DATA ELEMENTS--GENERAL INFORMATION
fixed length control field 230312s9999||||xx |||||||||||||| ||und||
020 ## - INTERNATIONAL STANDARD BOOK NUMBER
International Standard Book Number 1-4020-8232-0
082 ## - DEWEY DECIMAL CLASSIFICATION NUMBER
Classification number 822.33
Item number VRB-A
100 ## - MAIN ENTRY--PERSONAL NAME
Personal name Vrbova;Gerta
245 #0 - TITLE STATEMENT
Title Application of Muscle/Nerve Stimulation in Health and Disease
260 ## - PUBLICATION, DISTRIBUTION, ETC.
Name of publisher, distributor, etc. Springer
Place of publication, distribution, etc. UK
Date of publication, distribution, etc. 2008
300 ## - PHYSICAL DESCRIPTION
Extent 118
546 ## - LANGUAGE NOTE
Language note Eng.
650 ## - SUBJECT ADDED ENTRY--TOPICAL TERM
Topical term or geographic name entry element Physiotherapy
Form subdivision Application of Muscle/Nerve Stimulation in Health and Disease
942 ## - ADDED ENTRY ELEMENTS (KOHA)
Koha item type BOOK
Holdings
Withdrawn status Lost status Source of classification or shelving scheme Damaged status Not for loan Home library Current library Date acquired Total Checkouts Full call number Barcode Date last seen Price effective from Koha item type
    Dewey Decimal Classification     Superior Information Resource Center (SIRC) Superior University- Central Library Superior Information Resource Center (SIRC) Superior University- Central Library 03/13/2023   822.33 VRB-A 9246 03/13/2023 03/13/2023 BOOK

Powered by Koha